Televisión práctica (Record no. 140744)

MARC details
000 -LEADER
campo de control de longitud fija 00653nam a2200181 i 4500
001 - NÚMERO DE CONTROL
campo de control 140744
003 - IDENTIFICADOR DE NÚMERO DE CONTROL
campo de control ES-MaACL
005 - FECHA Y HORA DE LA ÚLTIMA TRANSACCIÓN
campo de control 20230906200139.0
007 - CAMPO FIJO DE DESCRIPCIÓN FÍSICA--INFORMACIÓN GENERAL
campo de control de longitud fija t|
008 - DATOS DE LONGITUD FIJA--INFORMACIÓN GENERAL
campo de control de longitud fija 070917s1954 sp ||||1| spa d
100 1# - ENTRADA PRINCIPAL--NOMBRE DE PERSONA
Nombre de persona Wellman, W. R.
9 (RLIN) 116453
245 10 - MENCIÓN DEL TÍTULO
Título Televisión práctica
Resto del título : (servicio de los receptores, localización y reparación de defectos y averías) /
Mención de responsabilidad, etc. W. R. Wellman y J. J. Kadrle ; traducción de Francisco Biosca.
260 ## - PUBLICACIÓN, DISTRIBUCIÓN, ETC.
Lugar de publicación, distribución, etc. Barcelona :
Nombre del editor, distribuidor, etc. José Montesó,
Fecha de publicación, distribución, etc. 1954.
300 ## - DESCRIPCIÓN FÍSICA
Extensión 207 p., 8 lám. :
Otras características físicas il. ;
Dimensiones 22 cm.
700 1# - ENTRADA AGREGADA--NOMBRE PERSONAL
Nombre de persona Kadrle, J. J.
9 (RLIN) 67392
700 1# - ENTRADA AGREGADA--NOMBRE PERSONAL
Nombre de persona Biosca, Francisco M.
9 (RLIN) 28945
852 ## - LOCALIZACIÓN
Ubicación ES-MaACL
Número de control de estantería C-6637
Sublocalización o colección R.36459
Holdings
Estatus retirado Estado de pérdida Estado de daño No para préstamo Biblioteca de origen Biblioteca actual Ubicación en estantería Fecha de adquisición Fuente de adquisición Total de préstamos Signatura topográfica completa Código de barras Visto por última vez Precio de reemplazo Tipo de ítem Koha
        Biblioteca del Ateneo de Madrid Biblioteca del Ateneo de Madrid Sala Palomar 17/01/2008     C-6637 1146458 23/02/2023 23/02/2023 Libro impreso